|
|
|
|
| LEADER |
00000nab a2200000 a 4500 |
| 001 |
vtls008408246 |
| 003 |
SK-MaSNL |
| 005 |
20260303070102.0 |
| 008 |
190318c20051103xo ur| 0 0slo |
| 015 |
|
|
|a SNBRB2005/11
|
| 038 |
|
|
|a RVGKPD
|
| 040 |
|
|
|a RVGKPD
|b slo
|c RVGKPD
|e AACR2
|
| 041 |
0 |
|
|a slo
|
| 044 |
|
|
|a xo
|c SK
|
| 080 |
|
|
|a 353.2
|2 UDC-MRF-SK2
|
| 100 |
1 |
|
|a Koperová, Eva
|4 aut
|9 274093
|
| 245 |
1 |
0 |
|a Banskobystrický kraj stále zaostáva
|c Eva Koperová
|
| 300 |
|
|
|b Fotogr., tab.
|
| 610 |
1 |
7 |
|a Banskobystrický samosprávny kraj (Slovensko).
|b Úrad
|2 rvgkpd
|9 31594
|
| 773 |
0 |
|
|t Pravda
|g Roč. XV, č. 254 (3.11.2005), s. 3
|x 1335-4051
|
| 852 |
|
|
|a RVGKPD
|b KIS3G
|
| 992 |
|
|
|a RBX
|
| 999 |
|
|
|c 1753894
|d 1755824
|